|
|
|
|
| LEADER |
00000cam a2200000 a 4500 |
| 001 |
UCN1670 |
| 003 |
CL-VaPUC |
| 005 |
20231031112556.0 |
| 008 |
010427e19510000AG |||||||||||||||||spa|d |
| 999 |
|
|
|c 294921
|d 294919
|
| 040 |
|
|
|c Pontificia Universidad Católica de Valparaíso
|
| 082 |
0 |
4 |
|a 780.92 HAD 1951
|2 21
|
| 100 |
|
|
|a Hadden, J. Cuthbert
|e author
|9 456927
|
| 245 |
1 |
0 |
|a Haydn
|
| 260 |
|
|
|a Buenos Aires
|b Anaconda
|c 1951
|
| 300 |
|
|
|a 172 p
|
| 583 |
|
|
|a last modification
|c 20130930 06:56:08
|k Rodrigo Vera
|
| 600 |
|
0 |
|a Haydn, Franz Joseph
|9 306580
|d 1732-1809
|
| 650 |
|
0 |
|a Compositores austríacos
|2 CL-VaPUC
|9 324827
|
| 650 |
|
0 |
|a Clasicismo en la música
|2 CL-VaPUC
|9 458291
|
| 942 |
|
|
|c BK
|2 ddc
|
| 945 |
|
|
|d 20010427 00:00:00
|a crobeson
|